Sonic the hedgehog / (Record no. 253184)
[ view plain ]
| 000 -LEADER | |
|---|---|
| fixed length control field | 02031nam a2200445 i 4500 |
| 001 - CONTROL NUMBER | |
| control field | 2944840 |
| 005 - DATE AND TIME OF LATEST TRANSACTION | |
| control field | 20200714130312.0 |
| 008 - FIXED-LENGTH DATA ELEMENTS--GENERAL INFORMATION | |
| fixed length control field | 200212m20209999mnua c 6 000 0 eng d |
| 020 ## - INTERNATIONAL STANDARD BOOK NUMBER | |
| International Standard Book Number | 9781684053278 : (vol. 1) |
| Terms of availability | $27.07 |
| Qualifying information | (part 2) |
| 035 ## - SYSTEM CONTROL NUMBER | |
| System control number | (OCoLC)1137260282 |
| 035 ## - SYSTEM CONTROL NUMBER | |
| System control number | (OCoLC)on1137260282 |
| 035 ## - SYSTEM CONTROL NUMBER | |
| System control number | 2908215 |
| 040 ## - CATALOGING SOURCE | |
| Original cataloging agency | PABRO |
| Language of cataloging | eng |
| Description conventions | rda |
| Transcribing agency | PABRO |
| 049 ## - LOCAL HOLDINGS (OCLC) | |
| Holding library | IGAA |
| 082 04 - DEWEY DECIMAL CLASSIFICATION NUMBER | |
| Classification number | 741.5/973 |
| Edition number | 23 |
| 092 ## - LOCALLY ASSIGNED DEWEY CALL NUMBER (OCLC) | |
| Classification number | 741.5973 |
| Item number | S698 2020 |
| 999 ## - SYSTEM CONTROL NUMBERS (KOHA) | |
| Koha Dewey Subclass [OBSOLETE] | 741.5973 S698 2020 |
| 245 00 - TITLE STATEMENT | |
| Title | Sonic the hedgehog / |
| Statement of responsibility, etc | written by Ian Flynn ; pencils by Tracy Yardley ; inks by Jim Amash & Bob Smith ; colors by Matt Herms ; letters by Corey Breen ; edited by Joe Hughes & David Mariotte. |
| 264 #1 - Production, Publication, Distribution, Manufacture, and Copyright Notice. | |
| Place of production, publication, distribution, manufacture | Minneapolis, Minnesota : |
| Name of producer, publisher, distributor, manufacturer | Spotlight, a division of ABDO, |
| Date of production, publication, distribution, manufacture, or copyr | [2020]- |
| 300 ## - PHYSICAL DESCRIPTION | |
| Extent | volumes : |
| Other physical details | color illustrations ; |
| Dimensions | 27 cm |
| 336 ## - Content Type | |
| Content type term | text |
| 337 ## - Media type | |
| Media type term | unmediated |
| 338 ## - Carrier type | |
| Carrier type term | volume |
| 505 0# - FORMATTED CONTENTS NOTE | |
| Formatted contents note | vol. 1. Fallout -- |
| 520 ## - SUMMARY, ETC. | |
| Summary, etc | In the aftermath of Sonic's most recent battle with Dr. Eggman, Sonic discovers the villain may have vanished, but his robot armies are still attacking small villages. |
| 521 1# - TARGET AUDIENCE NOTE | |
| Target audience note | 8-12 |
| Source | Brodart. |
| 521 2# - TARGET AUDIENCE NOTE | |
| Target audience note | 3-7 |
| Source | Brodart. |
| 600 00 - SUBJECT ADDED ENTRY--PERSONAL NAME | |
| Personal name | Sonic the Hedgehog |
| Titles and other words associated with a name | (Fictitious character) |
| Form subdivision | Comic books, strips, etc. |
| 9 (RLIN) | 6365669 |
| 600 01 - SUBJECT ADDED ENTRY--PERSONAL NAME | |
| Personal name | Sonic the Hedgehog |
| Titles and other words associated with a name | (Fictitious character) |
| Form subdivision | Fiction. |
| 9 (RLIN) | 6365670 |
| 650 #0 - SUBJECT ADDED ENTRY--TOPICAL TERM | |
| Topical term or geographic name as entry element | Good and evil |
| Form subdivision | Comic books, strips, etc. |
| 9 (RLIN) | 5689272 |
| 650 #0 - SUBJECT ADDED ENTRY--TOPICAL TERM | |
| Topical term or geographic name as entry element | Good and evil |
| Form subdivision | Fiction. |
| 9 (RLIN) | 5674230 |
| 650 #1 - SUBJECT ADDED ENTRY--TOPICAL TERM | |
| Topical term or geographic name as entry element | Graphic novels. |
| 9 (RLIN) | 6365673 |
| 655 #7 - INDEX TERM--GENRE/FORM | |
| Genre/form data or focus term | Graphic novels. |
| Source of term | lcgft |
| 9 (RLIN) | 5674445 |
| 700 1# - ADDED ENTRY--PERSONAL NAME | |
| Personal name | Hughes, Joe. |
| 9 (RLIN) | 5814485 |
| 700 1# - ADDED ENTRY--PERSONAL NAME | |
| Personal name | Mariotte, David. |
| 9 (RLIN) | 5814486 |
| 700 1# - ADDED ENTRY--PERSONAL NAME | |
| Personal name | Flynn, Ian, |
| Dates associated with a name | 1982- |
| Relator term | author. |
| 9 (RLIN) | 5813844 |
| 942 ## - ADDED ENTRY ELEMENTS (KOHA) | |
| Source of classification or shelving scheme | Dewey Decimal Classification |
| Koha item type | BOOK |
| 948 ## - LOCAL PROCESSING INFORMATION (OCLC); SERIES PART DESIGNATOR (RLIN) | |
| Series part designator, SPT (RLIN) | BMC |
| b (OCLC) | CHILDREN'S |
| p (OCLC) | X121079917 |
| k (OCLC) | J |
| h (OCLC) | 741.5973 |
| i (OCLC) | S698 2020 |
| f (OCLC) | 1 |
| r (OCLC) | 2 |
| g (OCLC) | 1 |
| 7 (OCLC) | 0 |
| u (OCLC) | 3 |
| w (OCLC) | 11 |
| s (OCLC) | 0 |
| o (OCLC) | BMC |
| 0 (OCLC) | $27.07 |
| y (OCLC) | 99 |
| c (OCLC) | 35 |
| j (OCLC) | Dewey Decimal |
| v (OCLC) | v.1 |
| n (OCLC) | On-Order |
| e (OCLC) | 1621661-1 |
| 9 (OCLC) | Item generated Mar 4 2020 2:13PM |
| Withdrawn status | Lost status | Source of classification or shelving scheme | Damaged status | Not for loan | Collection code | Home library | Current library | Shelving location | Date acquired | Cost, normal purchase price | Total Checkouts | Total Renewals | Full call number | Barcode | Date last seen | Date checked out | Cost, replacement price | Price effective from | Koha item type |
|---|---|---|---|---|---|---|---|---|---|---|---|---|---|---|---|---|---|---|---|
| Dewey Decimal Classification | Junior Graphic Novels | Wasatch County Library | Wasatch County Library | First Floor | 03/05/2020 | 18.95 | 42 | 33 | J GN Flynn | 34301001637059 | 02/16/2026 | 01/13/2026 | 18.95 | 03/20/2020 | BOOK |
